| 000 | 00859nas a2200265Ia 4500 | ||
|---|---|---|---|
| 001 | dg107-46822 | ||
| 003 | IT-MiCISF | ||
| 008 | 161014c99999999xx |||||||||||| ||und|| | ||
| 040 |
_aIT-MiCISF _cIT-MiCISF |
||
| 041 | _aITALIANO | ||
| 100 | _aBenna Christian | ||
| 210 | _aVita | ||
| 222 | _aVita | ||
| 245 | 0 |
_aSessocrazia _bIl nuovo credo di politica e tv |
|
| 250 | _a1a ed. | ||
| 260 | _c2009 | ||
| 501 |
_bCISF - Centro Internazionale Studi Famiglia - Via Giotto, 36 20145 MILANO (non commercial uses only) _cCopyright 2016 |
||
| 300 | _app. 4-8 | ||
| 362 | _a n. 37, 19-25 settembre [2009] | ||
| 500 | _aGarcano N., Verrini B., Regosa M., Ghazy R., Brass T., Gandini E., Zanardo L. Tema: società , pornografia, massmedia, adolescenza | ||
| 650 |
_asocietà _vdossier |
||
| 700 | _aAA.VV. | ||
| 942 | _cCR | ||
| 957 | _71 | ||
| 999 |
_a46822 _bSi _g1 _c220347 _d220347 |
||